| 000 | 00722nam a2200193 i 4500 | ||
|---|---|---|---|
| 001 | 37545 | ||
| 003 | ES-MaACL | ||
| 005 | 20230906155610.0 | ||
| 007 | t| | ||
| 008 | 030221s1965 sp ||||1| spa d | ||
| 100 | 1 |
_aBuendía Lázaro, Francisco. _932371 |
|
| 245 | 1 | 0 |
_aIniciación al estudio de las especies pascicolas españolas / _cpor F. Buendía. |
| 260 |
_aMadrid : _bDirección General de Montes, Caza y Pesca Fluvial, _c[1965] |
||
| 300 |
_a326 p., 54 lám. : _bil. ; _c24 cm. |
||
| 500 | _aPrecede al tít.: Instituto Forestal de Investigaciones y Experiencias. | ||
| 710 | 1 |
_aEspaña. _bDirección General de Montes, Caza y Pesca Fluvial. _93758 |
|
| 852 | 4 |
_aES-MaACL _jC-28014 |
|
| 852 | 4 |
_aES-MaACL _jC-28074 |
|
| 999 |
_c37545 _d37545 |
||